000 00314 a2200157 4500
001 187680
020 _a85-342-1555-3
040 _cMagnum
100 _aPiffer, Osvaldo
240 1 0 _aGeocontexto
_lpor
245 1 0 _aGeocontexto
300 _a368
362 0 _a2005
697 _aGEOGRAFIA GERAL
942 _cBK
999 _c187680
_d187680